000 00571nam a22001697a 4500
003 OSt
005 20260225122532.0
008 260225b |||||||| |||| 00| 0 eng d
040 _cMRSPTU
041 _aEnglish
100 _aRohit Singla, Supervisor: Dr. Manjeet Bansal
245 _aCase Study on Environment Life Cycle of Coal Based Thermal Power Plant at Talwandi Sabo in Punjab
260 _bDepartment of Civil Engg. MRSPTU, Bathinda
_c2019
650 _aCivil Engineering
856 _uhttp://163.47.215.52:8080/jspui/handle/123456789/283
942 _2ddc
_cTH
_n0
999 _c11006
_d11006